| 000 | 00757cab a2200241 4500 | ||
|---|---|---|---|
| 001 | ABS47644 | ||
| 008 | 090401t xxu||||| |||| 00| 0 eng d | ||
| 035 | _a(Sirsi) u62791 | ||
| 041 | _aeng | ||
| 100 | _aWildgoose, I. | ||
| 245 | _aDevelopment funding : analysing and managing risk | ||
| 350 | _a0 | ||
| 490 |
_aJournal of Property Finance _v3(3) Winter 92/93, 331-336(6) |
||
| 520 | _aSuggests some solutions which could be adopted by property funders to reduce their exposure to risk. | ||
| 650 | _aBANK LENDING | ||
| 650 | _aDEVELOPMENT FUNDING | ||
| 650 | _aINVESTMENT FINANCE | ||
| 650 | _aPROPERTY FINANCE | ||
| 650 | _aPROPERTY FUNDING MARKET | ||
| 690 | _aPROPERTY-PROPERTY FINANCE AND INVESTMENT | ||
| 942 | _n0 | ||
| 948 | _c04/03/1997 | ||
| 999 |
_c38999 _d38999 |
||